000 00795nam0a22002411 4500
001 rc\318111
005 20250621033820.0
035 _a(NLR Aleph) 005552872
090 _a5829258
_c5829258
100 _a20030307d1990 |||y0rusy50 ca
101 0 _arus
102 _aRU
105 _ay |||||||||
200 1 _aЗемля и воля
_eЧто дает новый закон о земле кооперации
_fСправ.-информ. служба "Факт"
210 _aМ.
_cМир
_d1990
215 _a10 с.
_d20
712 0 2 _4570
_a"Факт", справочно-информационная служба
_cМосква
_9485128
_3RU\NLR\AUTH\889994245
801 0 _aRU
_bNLR
_gpsbo
801 1 _aRU
_bELAR
_2rusmarc
852 _aNLR
_j90-4/6120
942 _cBOOK
980 _aNB